000
00313nam a22001337a 4500
008
181204b xxu||||| |||| 00| 0 eng d
020
_a
9780618111251
041
_a
eng
080
_a
330
100
_a
52
101
_a
EKO
245
_a
Money& Banking A Policy Oriented Approach
_c
Croushore,D
942
_2
udc
_c
BK
999
_c
52828
_d
52828